000
00324nam a22001337a 4500
008
181029b xxu||||| |||| 00| 0 eng d
020
_a
2740272854540
041
_a
eng
080
_a
370
100
_a
48
101
_a
EDU
245
_a
Cross Roads Greative Writing Exercies In Four Games
_c
Thiel.D
942
_2
udc
_c
BK
999
_c
50977
_d
50977